<?xml version="1.0" encoding="UTF-8"?>
<record
    xmlns:xsi="http://www.w3.org/2001/XMLSchema-instance"
    xsi:schemaLocation="http://www.loc.gov/MARC21/slim http://www.loc.gov/standards/marcxml/schema/MARC21slim.xsd"
    xmlns="http://www.loc.gov/MARC21/slim">

  <leader>06010nam a2200445 a 4500</leader>
  <controlfield tag="003">CHAP</controlfield>
  <controlfield tag="005">20240830133432.0</controlfield>
  <controlfield tag="007">ta</controlfield>
  <controlfield tag="008">231109s2021    mx adbofom||| 001 0 spa d</controlfield>
  <datafield tag="040" ind1=" " ind2=" ">
    <subfield code="e">rda</subfield>
  </datafield>
  <datafield tag="041" ind1=" " ind2=" ">
    <subfield code="a">spa</subfield>
    <subfield code="b">eng</subfield>
  </datafield>
  <datafield tag="100" ind1="1" ind2=" ">
    <subfield code="9">188253</subfield>
    <subfield code="a">Valdez Reyes, Diana Laura</subfield>
  </datafield>
  <datafield tag="245" ind1="1" ind2="0">
    <subfield code="a">Calidad de tortilla en poblaciones de ma&#xED;z colectadas en la reserva de la biosfera sierra de Manantl&#xE1;n, M&#xE9;xico / </subfield>
    <subfield code="c">Diana Laura Valdez Reyes</subfield>
  </datafield>
  <datafield tag="264" ind1=" " ind2=" ">
    <subfield code="a">Chapingo, M&#xE9;xico :</subfield>
    <subfield code="b">El autor,</subfield>
    <subfield code="c">2021</subfield>
  </datafield>
  <datafield tag="300" ind1=" " ind2=" ">
    <subfield code="a">1 recurso en l&#xED;nea (xii, 110 p&#xE1;ginas) :</subfield>
    <subfield code="b">ilustraciones, tablas, gr&#xE1;ficas, mapas, fotos</subfield>
  </datafield>
  <datafield tag="336" ind1=" " ind2=" ">
    <subfield code="2">rdacontent</subfield>
    <subfield code="a">texto</subfield>
    <subfield code="b">txt</subfield>
  </datafield>
  <datafield tag="337" ind1=" " ind2=" ">
    <subfield code="2">rdamedia</subfield>
    <subfield code="a">computadora</subfield>
    <subfield code="b">c</subfield>
  </datafield>
  <datafield tag="338" ind1=" " ind2=" ">
    <subfield code="2">rdacarrier</subfield>
    <subfield code="a">recurso en l&#xED;nea</subfield>
    <subfield code="b">cr</subfield>
  </datafield>
  <datafield tag="502" ind1=" " ind2=" ">
    <subfield code="a">Tesis</subfield>
    <subfield code="b">IA</subfield>
    <subfield code="c">Agroindustrias</subfield>
    <subfield code="d">2021.</subfield>
    <subfield code="g">LIC</subfield>
  </datafield>
  <datafield tag="504" ind1=" " ind2=" ">
    <subfield code="a">Bibliograf&#xED;a: p&#xE1;ginas 85-98</subfield>
  </datafield>
  <datafield tag="520" ind1="3" ind2=" ">
    <subfield code="a">La calidad de tortilla constituye un grupo de caracter&#xED;sticas f&#xED;sicas, nutrac&#xE9;uticas y sensoriales inherentes a este alimento que lo hacen aceptable para el consumidor, y que lo colocan por encima de otros productos similares ofertados en el mercado. En el presente estudio se realiza la caracterizaci&#xF3;n f&#xED;sica de tres variedades nativas colectadas en comunidades de la Reserva de la Biosfera Sierra de Manantl&#xE1;n, y se observa como la calidad de la tortilla es influida por las caracter&#xED;sticas del grano y las condiciones de elaboraci&#xF3;n, asimismo se realiza el perfil sensorial de las tortillas elaboradas, al tiempo que se estudia el nivel de agrado entre los consumidores, su preferencia y el porqu&#xE9; de ella. La informaci&#xF3;n se gener&#xF3; a trav&#xE9;s de la aplicaci&#xF3;n de pruebas f&#xED;sicas al grano, del estudio de las caracter&#xED;sticas fisicoqu&#xED;micas y de la evaluaci&#xF3;n nutrac&#xE9;utica del grano y tortilla, as&#xED; como de la evaluaci&#xF3;n sensorial de las tortillas elaboradas. Los resultados muestran que los materiales analizados fueron diferentes entre ellos con base en sus caracter&#xED;sticas f&#xED;sicas de grano, particularmente tama&#xF1;o y dureza de grano, mismas que se manifestaron en la calidad de las tortillas obtenidas y en su rendimiento por unidad de grano, destacando por calidad y rendimiento las poblaciones de la raza Serrano de Jalisco. El an&#xE1;lisis descriptivo de las tortillas muestra que en cuanto a intensidad de los atributos seleccionados se formaron dos grupos dentro del bloque de granos blancos, y que los materiales azules fueron muy similares entre s&#xED;. Las tortillas que mostraron mayor aceptabilidad entre los consumidores fueron las elaboradas con Serrano de Jalisco y Elotes c&#xF3;nicos, para el bloque de ma&#xED;ces blancos y azules, respectivamente. Las tortillas elaboradas con Serrano de Jalisco fueron las que m&#xE1;s se acercaron al ideal de los consumidores de acuerdo con los resultados del an&#xE1;lisis JAR, mientras que Elotes c&#xF3;nicos lo fue para el grupo de ma&#xED;ces pigmentados. En consecuencia, la preferencia de compra de los consumidores, as&#xED; como la disposici&#xF3;n a pagar un sobreprecio se orientaron hacia las tortillas elaboradas con Serrano de Jalisco y Elotes c&#xF3;nicos</subfield>
  </datafield>
  <datafield tag="520" ind1="3" ind2=" ">
    <subfield code="a">Tortilla quality consists of a group of physical, nutraceutical and sensorial characteristics inherent to this food that make it acceptable to consumers and place it above other similar products on the market. This study carries out the physical characterization of three native varieties that were collected on different communities of the Sierra de Manantl&#xE1;n Biosphere Reserve, and it is observed how the quality of the tortilla is influenced by the characteristics of the grain and the preparation conditions, sensory profile of the prepared tortillas is also created while the consumers&#x2019; reported liking and preferences are studied in order to answer what makes them like them. The information was generated by making physical tests to the grain, from studying physicochemical characteristics, the nutraceutical evaluation of the grain and tortilla and from the sensorial evaluation of the produced tortillas.The results show the differences between the analysed materials, mainly on the physical characteristics of the grain, particularly grain size and hardness, which manifested on to the quality of the tortillas and the yield per grain unit, where the breed Serrano de Jalisco gets an excellent performance on quality and yield. The descriptive analysis of tortillas shows that two groups appear within the white grain group and that the blue matter were very similar between them regarding attributes intensity. The tortillas with better acceptance from consumers were the ones that were produced using Serrano de Jalisco and Elote c&#xF3;nico, for white and blue corn respectively. Serrano de Jalisco tortillas scored as the most palatable according to the results of the JAR analysis, while Elote c&#xF3;nico gets the best rating for pigmented corn. Consequently, consumer&#x2019;s purchase preference and their willingness to pay a surcharge were focused towards tortillas made with Serrano de Jalisco and Elotes c&#xF3;nicos.</subfield>
  </datafield>
  <datafield tag="650" ind1="1" ind2="3">
    <subfield code="9">70848</subfield>
    <subfield code="a">Ma&#xED;z</subfield>
    <subfield code="x">Calidad</subfield>
    <subfield code="2">atg</subfield>
  </datafield>
  <datafield tag="650" ind1="1" ind2="3">
    <subfield code="9">70848</subfield>
    <subfield code="a">Ma&#xED;z</subfield>
    <subfield code="x">Rendimiento</subfield>
    <subfield code="2">atg</subfield>
  </datafield>
  <datafield tag="650" ind1="1" ind2="3">
    <subfield code="9">70848</subfield>
    <subfield code="a">Ma&#xED;z</subfield>
    <subfield code="x">Variedades</subfield>
    <subfield code="2">atg</subfield>
  </datafield>
  <datafield tag="650" ind1="1" ind2="3">
    <subfield code="9">70848</subfield>
    <subfield code="a">Ma&#xED;z</subfield>
    <subfield code="x">Rendimiento de semillas</subfield>
    <subfield code="2">atg</subfield>
  </datafield>
  <datafield tag="650" ind1="1" ind2="3">
    <subfield code="9">155003</subfield>
    <subfield code="a">Tortillas (mexicanas)</subfield>
    <subfield code="x">Calidad del producto</subfield>
    <subfield code="2">atg</subfield>
  </datafield>
  <datafield tag="650" ind1="1" ind2="3">
    <subfield code="9">155003</subfield>
    <subfield code="a">Tortillas (mexicanas)</subfield>
    <subfield code="x">Valor prote&#xED;nico</subfield>
    <subfield code="2">atg</subfield>
  </datafield>
  <datafield tag="650" ind1="1" ind2="3">
    <subfield code="9">155003</subfield>
    <subfield code="a">Tortillas (mexicanas)</subfield>
    <subfield code="x">Conducta del consumidor</subfield>
    <subfield code="2">atg</subfield>
  </datafield>
  <datafield tag="650" ind1="1" ind2="3">
    <subfield code="9">147463</subfield>
    <subfield code="a">Corn  </subfield>
    <subfield code="x">Varieties</subfield>
    <subfield code="2">atg</subfield>
  </datafield>
  <datafield tag="650" ind1="1" ind2="3">
    <subfield code="9">147463</subfield>
    <subfield code="a">Corn  </subfield>
    <subfield code="x">Seed yield</subfield>
    <subfield code="2">atg</subfield>
  </datafield>
  <datafield tag="650" ind1="1" ind2="3">
    <subfield code="9">114316</subfield>
    <subfield code="a">Tortillas</subfield>
    <subfield code="x">Product quality</subfield>
    <subfield code="2">atg</subfield>
  </datafield>
  <datafield tag="650" ind1="1" ind2="3">
    <subfield code="9">114316</subfield>
    <subfield code="a">Tortillas</subfield>
    <subfield code="x">Protein value</subfield>
    <subfield code="2">atg</subfield>
  </datafield>
  <datafield tag="650" ind1="1" ind2="3">
    <subfield code="9">114316</subfield>
    <subfield code="a">Tortillas</subfield>
    <subfield code="x">Consumer behavior</subfield>
    <subfield code="2">atg</subfield>
  </datafield>
  <datafield tag="700" ind1="1" ind2=" ">
    <subfield code="a">Salinas Moreno, Yolanda</subfield>
    <subfield code="e">directora</subfield>
    <subfield code="9">101683</subfield>
  </datafield>
  <datafield tag="700" ind1="1" ind2=" ">
    <subfield code="9">188254</subfield>
    <subfield code="a">Severiano P&#xE9;rez, Patricia</subfield>
    <subfield code="e">asesora</subfield>
  </datafield>
  <datafield tag="700" ind1="1" ind2=" ">
    <subfield code="9">150532</subfield>
    <subfield code="a">Buend&#xED;a Gonz&#xE1;lez, Mar&#xED;a Ofelia</subfield>
    <subfield code="e">asesora</subfield>
  </datafield>
  <datafield tag="856" ind1="4" ind2="0">
    <subfield code="y">DESCARGAR PDF</subfield>
    <subfield code="u">http://10.13.5.2/tesis/tl/1312586-7_Diana_Laura_Valdez_Reyes.pdf</subfield>
  </datafield>
  <datafield tag="942" ind1=" " ind2=" ">
    <subfield code="2">Clasificaci&#xF3;n Universidad Aut&#xF3;noma Chapingo</subfield>
    <subfield code="c">TD</subfield>
  </datafield>
  <datafield tag="999" ind1=" " ind2=" ">
    <subfield code="c">219372</subfield>
    <subfield code="d">219372</subfield>
  </datafield>
  <datafield tag="952" ind1=" " ind2=" ">
    <subfield code="0">0</subfield>
    <subfield code="1">0</subfield>
    <subfield code="2">local</subfield>
    <subfield code="4">0</subfield>
    <subfield code="7">0</subfield>
    <subfield code="8">TesDigL</subfield>
    <subfield code="a">IA_</subfield>
    <subfield code="b">IA_</subfield>
    <subfield code="c">E_L</subfield>
    <subfield code="d">2023-11-09</subfield>
    <subfield code="e">El autor</subfield>
    <subfield code="l">0</subfield>
    <subfield code="p">1201013812</subfield>
    <subfield code="r">2023-11-09 00:00:00</subfield>
    <subfield code="w">2023-11-09</subfield>
    <subfield code="y">TD</subfield>
  </datafield>
  <datafield tag="952" ind1=" " ind2=" ">
    <subfield code="0">0</subfield>
    <subfield code="1">0</subfield>
    <subfield code="2">local</subfield>
    <subfield code="4">0</subfield>
    <subfield code="5">1</subfield>
    <subfield code="7">0</subfield>
    <subfield code="8">TesDigL</subfield>
    <subfield code="a">BD</subfield>
    <subfield code="b">BD</subfield>
    <subfield code="c">E_L</subfield>
    <subfield code="d">2024-02-02</subfield>
    <subfield code="e">El autor</subfield>
    <subfield code="l">0</subfield>
    <subfield code="o">Tesis digital</subfield>
    <subfield code="p">1301013812</subfield>
    <subfield code="r">2024-02-02 00:00:00</subfield>
    <subfield code="w">2024-02-02</subfield>
    <subfield code="y">TD</subfield>
  </datafield>
</record>
